| 000 | 00858nam a2200229 i 4500 | ||
|---|---|---|---|
| 001 | 51875 | ||
| 003 | ES-MaACL | ||
| 005 | 20250909225252.0 | ||
| 007 | t| | ||
| 008 | 030820s1918 fr ||||1| fre d | ||
| 100 | 1 |
_aDarío, Rubén, _d1867-1916 _942720 |
|
| 245 | 1 | 0 |
_aPages choisies / _cRubén Darío ; choix et prèface de Ventura García Calderón ; traductions de Marius André ; avec portrait de Rubén Darío par Tito Salas. |
| 260 |
_aParis : _bFélix Alcan, _c1918 ( _eEvreux : _fCh. Herissey) |
||
| 300 |
_aXL, 148 p., 1 lám. ; _c21 cm. |
||
| 490 | 1 | _aBibliothèque France-Amérique | |
| 700 | 1 |
_aGarcía Calderón, Ventura, _d1886-1959 _954317 |
|
| 700 | 1 |
_aAndre, Marius. _921542 |
|
| 700 | 1 |
_aSalas, Tito. _9101748 |
|
| 830 | 0 |
_aBibliothèque France-Amérique _9230190 |
|
| 852 |
_aES-MaACL _jF-1873 |
||
| 999 |
_c51875 _d51875 |
||